000 00356 a2200157 4500
001 177572
020 _a
040 _cMagnum
100 _aSearl-Barnes,bonita
240 1 0 _aExperiencias divertidas - luz
_lpor
245 1 0 _aExperiencias divertidas - luz
362 0 _a1899
440 1 _aPaulinas
697 _aMAGNITO: IJ/PARADIDATICO
942 _cBK
999 _c177572
_d177572